En vivo en el monumental (Record n. 102064)
[ formato base ]
| 000 -LEADER | |
|---|---|
| fixed length control field | 01407njm a2200301Ia 4500 |
| 001 - CONTROL NUMBER | |
| control field | F0423 |
| 003 - CONTROL NUMBER IDENTIFIER | |
| control field | IT-RoPAU |
| 005 - DATE AND TIME OF LATEST TRANSACTION | |
| control field | 20220918181150.0 |
| 008 - FIXED-LENGTH DATA ELEMENTS--GENERAL INFORMATION | |
| fixed length control field | 131025s9999 xx 000 0 und d |
| 040 ## - CATALOGING SOURCE | |
| Original cataloging agency | IT-RoPAU |
| 040 ## - CATALOGING SOURCE | |
| Transcribing agency | IT-RoPAU |
| 041 ## - LANGUAGE CODE | |
| Language code of text/sound track or separate title | SPAGNOLO |
| 999 ## - SYSTEM CONTROL NUMBERS (KOHA) | |
| Koha Dewey Subclass [OBSOLETE] | n.d. |
| 100 ## - MAIN ENTRY--PERSONAL NAME | |
| Personal name | Salinas Horacio |
| 9 (RLIN) | 32152 |
| 100 ## - MAIN ENTRY--PERSONAL NAME | |
| Relator term | Autore musica |
| 9 (RLIN) | 32153 |
| 100 ## - MAIN ENTRY--PERSONAL NAME | |
| Miscellaneous information | Codice autore musica SPICS: 50234 |
| 9 (RLIN) | 32154 |
| 245 ## - TITLE STATEMENT | |
| Title | En vivo en el monumental |
| 250 ## - EDITION STATEMENT | |
| Edition statement | 1a ed. |
| 260 ## - PUBLICATION, DISTRIBUTION, ETC. (IMPRINT) | |
| Name of publisher, distributor, etc. | CGD EAST WEST |
| Date of publication, distribution, etc. | 1998 [1a Ed.:1997 - Ed. Lingua Orig.: 1998] |
| 300 ## - PHYSICAL DESCRIPTION | |
| Extent | COMPACT DISC |
| 300 ## - PHYSICAL DESCRIPTION | |
| Dimensions | 60 minuti (Testo: pag.) |
| 500 ## - GENERAL NOTE | |
| General note | Musica folk. |
| 505 ## - FORMATTED CONTENTS NOTE | |
| Formatted contents note | Introduccion Kalimba (Salinas) - Canto de las estrellas (Seves- Chaparro) - La fiesta de San Benito (Salinas-Seves) - Kullacas (Salinas) - Tatati (Salinas) - Corazon maldito (Parra) - El aparecido (Parra) - Mulata (Salinas-Guillen) - Medianoche (Salinas-Manns) - Maria Canela (Salinas) - Mi chiquita (Salinas, Guillen) - El carnaval (Salinas) - El mercado Testaccio (Salinas) - Arriesgare la piel (Salinas-Manns) - Quien eres tu (Salinas-Manns) - Senora Chichera (P.D.). |
| 650 ## - SUBJECT ADDED ENTRY--TOPICAL TERM | |
| Topical term or geographic name as entry element | FOLK [COMPACT DISC] |
| Relator term | Codice MATERIA SPICS: 9949 |
| 9 (RLIN) | 32155 |
| 700 ## - ADDED ENTRY--PERSONAL NAME | |
| Personal name | Seves José |
| Relator term | Autore testo e musica |
| Miscellaneous information | Codice autore testo/musica SPICS: 50235 |
| 9 (RLIN) | 32156 |
| 700 ## - ADDED ENTRY--PERSONAL NAME | |
| Personal name | Inti-Illimani |
| Relator term | Interprete |
| Miscellaneous information | Codice interprete SPICS: 10953 |
| 9 (RLIN) | 32157 |
| 942 ## - ADDED ENTRY ELEMENTS (KOHA) | |
| Koha item type | CD AUDIO |
| Source of classification or shelving scheme | Dewey Decimal Classification |
| Withdrawn status | Lost status | Damaged status | Not for loan | Home library | Current library | Date acquired | Total Checkouts | Full call number | Date last seen | Price effective from | Koha item type | Public note |
|---|---|---|---|---|---|---|---|---|---|---|---|---|
| Buone Condizioni | Not For Loan | SPICS-MEDIATECA | SPICS-MEDIATECA | 25/10/2013 | F0423 | 25/10/2013 | 25/10/2013 | CD AUDIO | Progr. Ins.: 3012 / N.Vol.: 1 / Copie: 1 - Copia rara: n.d. / date import: 01.01.2014 - By Epidotti, Trombetti, Vaglietti |